Ermita de Guadalupe : carta topográfica /

Carta topográfica de la región circundante a Ermita de Guadalupe, en Zacatecas. Cubre, hacia el norte, El Chacuaco; al sur, Juanchorrey; al este, Jerez de García Salinas, y al oeste, la Sierra de los Alamos, todas ellas, ubicadas en el estado de Zacatecas.

Guardado en:
Detalles Bibliográficos
Autor corporativo: Instituto Nacional de Estadística, Geografía e Informática
Formato: Mapa
Edición:2a edición
Colección:(Carta Topográfica)
Temas:
Etiquetas: Agrega una etiqueta
Sin etiquetas, Sé el primero en etiquetar este registro!

MARC

LEADER 00000nem^a2200000^a^4500
001 000156685
005 20250521000000.0
009 20260310100511.652
037 |a Acervo ITESO - Biblioteca 
041 |a GRA 
093 |a F-13-B-66 
110 |a Instituto Nacional de Estadística, Geografía e Informática 
240 1 1 |a [Ermita de Guadalupe, materiales cartográficos] 
245 1 0 |a Ermita de Guadalupe :  |b carta topográfica /  |c INEGI. 
250 |a 2a edición 
255 |a Escala 1 : 50 000 ;  |b Proyección Universal Transversa de Mercator 
264 |a Aguascalientes, México :  |b Instituto Nacional de Estadística, Geografía e Informática, Dirección General de Geografía,  |c 2003 
300 |a 1 mapa 
336 |a imagen cartográfica estática  |b cri  |2 rdacontenido 
337 |a sin mediación  |b n  |2 rdamedio 
338 |a mapa  |b nz  |2 rdasoporte 
440 1 |a (Carta Topográfica) 
520 |a Carta topográfica de la región circundante a Ermita de Guadalupe, en Zacatecas. Cubre, hacia el norte, El Chacuaco; al sur, Juanchorrey; al este, Jerez de García Salinas, y al oeste, la Sierra de los Alamos, todas ellas, ubicadas en el estado de Zacatecas. 
522 |a Cartas adyacentes: F13B55, F13B56, F13B57, F13B65, F13B67, F13B75, F13B76, F13B77 
522 |a Vegetación predominante: agricultura y vegetación silvestre 
522 |a Carta formada por métodos fotogramétricos a partir de fotografías obtenidas en marzo de 1997 
546 |a Edición gráfica con texto en español 
649 |a XX 
650 |a Topografía -  |z México 
650 |a Sierra Los Cardos 
650 |a Sierra Los Alamos 
650 |a El Chacuaco, Zacatecas -  |x Mapas 
650 |a Juanchorrey, Zacatecas -  |x Mapas 
650 |a Jerez, Zacatecas -  |x Mapas 
650 |a El Cargaderro, Zacatecas -  |x Mapas 
650 |a Ermita de Guadalupe, Zacatecas -  |x Mapas 
650 |a Susticacán, Zacatecas 
650 |a Zacatecas -  |x Mapas 
650 |a México -  |x Mapas 
910 |a Fondo General 
920 |a Gráficos - Mapas 
905 |a 503 
901 |a 0500047898  |b IT2  |c MAP  |u 20250521 
902 |a https://opac.biblio.iteso.mx/vufind/Record/000156685